000 00879cam a22002653a 4500
001 1910
003 PGUSA
005 20140828083008.0
008 990901s1999||||xxu|||||s|||||000 1 eng d
040 _aPGUSA
_beng
042 _adc
050 4 _aPQ
100 1 _aDumas, Alexandre,
_d1802-1870
245 1 0 _aLa Tulipe Noire
_h[electronic resource] /
_cAlexandre Dumas
260 _bProject Gutenberg,
_c1999
500 _aAbridged edition See Also: #965, Full-length English Edition See Also: #26504, Latin-1, UTF-8, and HTML Edition
506 _aPublic domain in the USA.
516 _aElectronic text
653 _aTulip Mania, 1634-1637 -- Fiction
653 _aWitt, Johan de, 1625-1672 -- Fiction
653 _aNetherlands -- History -- 1648-1714 -- Fiction
830 0 _aProject Gutenberg
_v1910
856 4 0 _uhttp://www.gutenberg.org/ebooks/1910
942 _cEB
999 _c231253
_d231253